[Event "FIDE World Bl Team 5-8th"]
[Site "London ENG"]
[Date "2025.06.15"]
[Round "1.1"]
[White "Nihal, Sarin"]
[Black "Sevian, Samuel"]
[Result "0-1"]
[WhiteTitle "GM"]
[BlackTitle "GM"]
[WhiteElo "2696"]
[BlackElo "2687"]
[WhiteTeam "A2 Ashdod Elit Chess Club"]
[BlackTeam "B1 Freedom"]
[WhiteFideId "25092340"]
[BlackFideId "2040506"]
[EventDate "2025.06.15"]
[EventType "team-k.o. (blitz)"]

1. Nf3 Nf6 2. d4 d5 3. c4 e6 4. Nc3 Bb4 5. e3 O-O 6. Bd2 b6 7. Rc1 Bb7 8. cxd5
exd5 9. Bd3 Re8 10. Nb5 Na6 11. O-O c6 12. Bxb4 Nxb4 13. Nc3 Nxd3 14. Qxd3 c5
15. dxc5 bxc5 16. Na4 d4 17. exd4 Nh5 18. Rxc5 Nf4 19. Qf5 Ne2+ 20. Kh1 Be4 21.
Qg5 Bxf3 22. gxf3 Qxd4 23. Qg4 Qd3 24. Ra1 Rad8 25. Nc3 g6 26. Ne4 Re6 27. Ng5
Rf6 28. Qh4 h5 29. h3 Rxf3 30. Nxf3 Qxf3+ 31. Kh2 Rd4 32. Rc3 Qf5 33. Rc8+ Kh7 0-1

[Event "FIDE World Bl Team 5-8th"]
[Site "London ENG"]
[Date "2025.06.15"]
[Round "1.1"]
[White "Le, Quang Liem"]
[Black "Gledura, Benjamin"]
[Result "1-0"]
[WhiteTitle "GM"]
[BlackTitle "GM"]
[WhiteElo "2729"]
[BlackElo "2668"]
[WhiteTeam "B1 Freedom"]
[BlackTeam "A2 Ashdod Elit Chess Club"]
[WhiteFideId "12401137"]
[BlackFideId "712779"]
[EventDate "2025.06.15"]
[EventType "team-k.o. (blitz)"]

1. c4 Nf6 2. Nc3 e6 3. Nf3 d5 4. d4 c5 5. cxd5 cxd4 6. Qxd4 exd5 7. Bg5 Be7 8.
Qd2 Be6 9. Rd1 Nc6 10. Bxf6 Bxf6 11. Nxd5 Qxd5 12. Qxd5 Bxd5 13. Rxd5 Bxb2 14.
e3 Bc3+ 15. Kd1 O-O 16. Bc4 Rac8 17. Bb3 Rfd8 18. Rxd8+ Rxd8+ 19. Ke2 Kf8 20.
Rc1 Bf6 21. Nd2 Ke7 22. Ne4 Bb2 23. Rc5 Ba3 24. Rf5 f6 25. Rh5 h6 26. f4 b6 27.
g4 Bb2 28. Ng3 Kf8 29. g5 fxg5 30. fxg5 hxg5 31. Rxg5 Bf6 32. Rh5 g6 33. Rh7 Bg7
34. Ne4 Re8 35. Nf6 Re7 36. Nd5 Re5 37. Nf4 Rg5 38. Ne6+ 1-0

[Event "FIDE World Bl Team 5-8th"]
[Site "London ENG"]
[Date "2025.06.15"]
[Round "1.1"]
[White "Volokitin, Andrei"]
[Black "Sarana, Alexey"]
[Result "0-1"]
[WhiteTitle "GM"]
[BlackTitle "GM"]
[WhiteElo "2626"]
[BlackElo "2686"]
[WhiteTeam "A2 Ashdod Elit Chess Club"]
[BlackTeam "B1 Freedom"]
[WhiteFideId "14107090"]
[BlackFideId "24133795"]
[EventDate "2025.06.15"]
[EventType "team-k.o. (blitz)"]

1. e4 c5 2. Nf3 d6 3. d4 Nf6 4. Nc3 cxd4 5. Nxd4 a6 6. Be3 e5 7. Nb3 Be6 8. Qd2
Nbd7 9. O-O-O Be7 10. h3 b5 11. f4 h5 12. Kb1 Qc7 13. f5 Bc4 14. Bxc4 Qxc4 15.
Na5 Qc7 16. Nd5 Nxd5 17. exd5 Nf6 18. g4 Rc8 19. g5 Ne4 20. Qb4 Qxc2+ 21. Ka1
Qa4 22. Qe1 Bxg5 23. Nc6 Bxe3 24. Qxe3 Nc5 25. b3 Qf4 26. Qg1 Kf8 27. Qg2 Qe4
28. Qg3 h4 29. Qf2 Qf4 30. Qg2 Qg3 31. Qd2 Ne4 32. Qe2 Nc3 33. Qc2 Nxd1 34. Qxd1
Rh6 35. Qd2 Qf4 36. Qd3 e4 37. Qd4 Qxf5 38. Rc1 Qf6 0-1

[Event "FIDE World Bl Team 5-8th"]
[Site "London ENG"]
[Date "2025.06.15"]
[Round "1.1"]
[White "Martirosyan, Haik M."]
[Black "Eljanov, Pavel"]
[Result "0-1"]
[WhiteTitle "GM"]
[BlackTitle "GM"]
[WhiteElo "2635"]
[BlackElo "2669"]
[WhiteTeam "B1 Freedom"]
[BlackTeam "A2 Ashdod Elit Chess Club"]
[WhiteFideId "13306553"]
[BlackFideId "14102951"]
[EventDate "2025.06.15"]
[EventType "team-k.o. (blitz)"]

1. d4 d5 2. c4 e6 3. Nf3 Nf6 4. Nc3 Nbd7 5. cxd5 exd5 6. Qc2 c6 7. Bg5 h6 8. Bh4
Be7 9. e3 Nh5 10. Bxe7 Qxe7 11. Be2 Nhf6 12. O-O O-O 13. Rab1 a5 14. a3 Nb6 15.
Qb3 Qd8 16. Rbc1 Bg4 17. Ne5 Bxe2 18. Nxe2 a4 19. Qb4 Ra7 20. Ng3 Nfd7 21. Nxd7
Nxd7 22. Nf5 Nf6 23. f3 Re8 24. Rfe1 Qd7 25. Ng3 h5 26. h3 h4 27. Nf1 Raa8 28.
Re2 Nh5 29. Rce1 Re6 30. e4 Nf4 31. Rd2 Rg6 32. Ne3 Nxh3+ 33. Kh2 Nf4 34. Nf5
Re8 35. Qc3 Rg5 36. Rf1 dxe4 37. fxe4 Rxe4 38. Nxh4 Nd5 39. Qh3 Qxh3+ 40. Kxh3
Nf4+ 41. Kh2 Ne6 42. Nf5 g6 43. Nd6 Rh4+ 44. Kg1 Rxd4 45. Rxd4 Nxd4 46. Nxf7 Rb5
47. Rf2 Nf5 48. Nd8 Kg7 49. g4 Nd4 50. Rf4 Ne2+ 0-1

[Event "FIDE World Bl Team 5-8th"]
[Site "London ENG"]
[Date "2025.06.15"]
[Round "1.1"]
[White "Osmak, Yuliia"]
[Black "Injac, Teodora"]
[Result "1-0"]
[WhiteTitle "IM"]
[BlackTitle "IM"]
[WhiteElo "2468"]
[BlackElo "2457"]
[WhiteTeam "A2 Ashdod Elit Chess Club"]
[BlackTeam "B1 Freedom"]
[WhiteFideId "14101602"]
[BlackFideId "932400"]
[EventDate "2025.06.15"]
[EventType "team-k.o. (blitz)"]

1. e4 e5 2. Nf3 Nc6 3. Bb5 a6 4. Ba4 d6 5. d4 b5 6. Bb3 Nxd4 7. Nxd4 exd4 8. O-O
Nf6 9. c3 dxc3 10. Nxc3 Be7 11. a4 Rb8 12. axb5 axb5 13. Qf3 O-O 14. Bf4 Be6 15.
Bc2 Qd7 16. h3 Qc6 17. Rac1 b4 18. Ne2 Qb6 19. e5 dxe5 20. Bxe5 Rbc8 21. Nf4 Qb5
22. Rfe1 b3 23. Nxe6 fxe6 24. Qxb3 Qxb3 25. Bxb3 Nd5 26. Bxd5 exd5 27. Rxc7 Rxc7
28. Bxc7 Bf6 29. b4 Rc8 30. Bb6 Rc4 31. Rb1 Bc3 32. b5 d4 33. Kf1 d3 34. Be3 Rc8
35. b6 Be5 36. b7 Rd8 37. Bb6 Re8 38. Ba7 Bb8 39. Bxb8 Rxb8 40. Ke1 Kf7 41. Kd2
Ke6 42. Kxd3 Kd5 43. Ke3 g5 44. Kf3 h6 45. Kg4 1-0

[Event "FIDE World Bl Team 5-8th"]
[Site "London ENG"]
[Date "2025.06.15"]
[Round "1.1"]
[White "Mani, Sarbartho"]
[Black "Sailaubay, Aldiyar"]
[Result "1/2-1/2"]
[WhiteElo "1847"]
[BlackElo "1910"]
[WhiteTeam "B1 Freedom"]
[BlackTeam "A2 Ashdod Elit Chess Club"]
[WhiteFideId "366112022"]
[BlackFideId "13729357"]
[EventDate "2025.06.15"]
[EventType "team-k.o. (blitz)"]

1. d4 Nf6 2. Nf3 e6 3. g3 d5 4. Bg2 Be7 5. O-O O-O 6. b3 c5 7. Bb2 Nc6 8. e3 b6
9. Nbd2 Bb7 10. Re1 Rc8 11. Ne5 Nd7 12. f4 Ndxe5 13. dxe5 f5 14. Rc1 Qd7 15. Qe2
Rfd8 16. Red1 Qe8 17. c3 a6 18. Bf3 b5 19. h4 c4 20. b4 a5 21. a3 axb4 22. axb4
Ra8 23. Ra1 Rxa1 24. Rxa1 Ra8 25. Qd1 Rxa1 26. Qxa1 Qa8 27. Qxa8+ Bxa8 28. Kf2
g6 29. Bg2 Bb7 30. Nf3 Kf7 31. Bc1 Bd8 32. Bh3 h5 33. Nd2 Bb6 34. Bg2 Nb8 35.
Bf3 Nd7 36. Bd1 Ba7 37. Nf3 Ke7 38. Ke2 1/2-1/2

[Event "FIDE World Bl Team 5-8th"]
[Site "London ENG"]
[Date "2025.06.15"]
[Round "1.1"]
[White "Erigaisi, Arjun"]
[Black "Keymer, Vincent"]
[Result "1-0"]
[WhiteTitle "GM"]
[BlackTitle "GM"]
[WhiteElo "2782"]
[BlackElo "2730"]
[WhiteTeam "D1 Team MGD1"]
[BlackTeam "C2 Germany and Friends"]
[WhiteFideId "35009192"]
[BlackFideId "12940690"]
[EventDate "2025.06.15"]
[EventType "team-k.o. (blitz)"]

1. d4 Nf6 2. Nf3 e6 3. c4 Nc6 4. e3 Bb4+ 5. Nbd2 d6 6. a3 Bxd2+ 7. Bxd2 Ne4 8.
Bd3 Nxd2 9. Nxd2 O-O 10. Qc2 h6 11. b4 e5 12. d5 Ne7 13. O-O f5 14. f4 e4 15.
Be2 a5 16. Nb3 axb4 17. axb4 Bd7 18. Nd4 Kh8 19. h3 c6 20. dxc6 Nxc6 21. Qd2 Qb6
22. Nc2 Qc7 23. Rfd1 Rxa1 24. Nxa1 Ra8 25. Nb3 Ra3 26. Qb2 Ra4 27. b5 Na5 28.
Nxa5 Qxa5 29. Rxd6 Ra2 30. Qe5 Rxe2 31. Rxh6+ Kg8 32. Rg6 Re1+ 33. Kh2 Qa1 34.
Rxg7+ Kh8 35. Rxd7+ 1-0

[Event "FIDE World Bl Team 5-8th"]
[Site "London ENG"]
[Date "2025.06.15"]
[Round "1.1"]
[White "Bluebaum, Matthias"]
[Black "Harikrishna, Pentala"]
[Result "1-0"]
[WhiteTitle "GM"]
[BlackTitle "GM"]
[WhiteElo "2663"]
[BlackElo "2707"]
[WhiteTeam "C2 Germany and Friends"]
[BlackTeam "D1 Team MGD1"]
[WhiteFideId "24651516"]
[BlackFideId "5007003"]
[EventDate "2025.06.15"]
[EventType "team-k.o. (blitz)"]

1. d4 Nf6 2. c4 e6 3. Nc3 Bb4 4. e3 O-O 5. Bd2 Re8 6. Nf3 d5 7. Rc1 Bf8 8. Qc2
Nbd7 9. h3 c5 10. cxd5 exd5 11. dxc5 Nxc5 12. Be2 Bd7 13. O-O Rc8 14. Rfd1 Qb6
15. Be1 Nce4 16. Qb3 Qxb3 17. axb3 Nc5 18. Nd4 a5 19. Bf3 Be6 20. Na4 Nxa4 21.
bxa4 b6 22. Nb5 Ne4 23. Nc7 Red8 24. Bxe4 dxe4 25. Rxd8 Rxd8 26. Nxe6 fxe6 27.
Kf1 Kf7 28. Ke2 Be7 29. Rc7 Ke8 30. Bc3 Bf6 31. Bxf6 gxf6 32. Rc6 Ke7 33. Rxb6
h6 34. Rb5 Ra8 35. g4 Kf7 36. Kf1 Ra6 37. Kg2 Kg6 38. Kg3 Rd6 39. Rxa5 e5 40.
Rb5 Rd1 41. a5 Rg1+ 42. Kh2 Ra1 43. b4 h5 44. Rb6 hxg4 45. hxg4 Kg5 46. a6 Kxg4
47. Rxf6 Ra4 48. b5 Ra5 49. Rf8 1-0

[Event "FIDE World Bl Team 5-8th"]
[Site "London ENG"]
[Date "2025.06.15"]
[Round "1.1"]
[White "Pranav, V"]
[Black "Svane, Frederik"]
[Result "1/2-1/2"]
[WhiteTitle "GM"]
[BlackTitle "GM"]
[WhiteElo "2595"]
[BlackElo "2667"]
[WhiteTeam "D1 Team MGD1"]
[BlackTeam "C2 Germany and Friends"]
[WhiteFideId "25060783"]
[BlackFideId "12923044"]
[EventDate "2025.06.15"]
[EventType "team-k.o. (blitz)"]

1. e4 e5 2. Nf3 Nc6 3. Nc3 Nf6 4. Bb5 Bd6 5. d3 h6 6. a3 a6 7. Bc4 Bc5 8. Be3 d6
9. Bxc5 dxc5 10. h3 Qd6 11. a4 Be6 12. Nd2 Nd4 13. Bxe6 Qxe6 14. Nc4 O-O 15. O-O
b5 16. Ne3 c6 17. Ne2 Rfd8 18. Nxd4 Rxd4 19. axb5 cxb5 20. Qf3 g6 21. b3 a5 22.
Qe2 Kg7 23. f4 a4 24. f5 Qe7 25. bxa4 Rdxa4 26. Rab1 b4 27. fxg6 fxg6 28. Qf2
Rf8 29. Qh4 Raa8 30. Rf2 Nd5 31. Qxe7+ Nxe7 32. Rxf8 Kxf8 33. c3 bxc3 34. Rb3
Ra1+ 35. Kf2 Rc1 36. Rb5 Nc6 37. Rxc5 Nb4 38. Ke2 Kf7 39. Rxe5 Rb1 40. Rc5 Rb2+
41. Kf3 c2 42. d4 Nd3 43. Rc7+ Ke6 44. d5+ Kd6 45. Rc6+ Kd7 46. Nxc2 Ne5+ 47.
Kf4 Nxc6 48. dxc6+ Kxc6 49. Ne3 Rb5 50. Ng4 g5+ 51. Kf3 h5 52. Nf6 Rb3+ 53. Kf2
h4 54. Nh7 Rg3 55. Nf6 Kd6 56. Ng4 Kc5 57. Ne3 Kc6 58. Ke2 Kd7 59. Kd3 Ke6 60.
Kd4 g4 61. hxg4 h3 62. gxh3 1/2-1/2

[Event "FIDE World Bl Team 5-8th"]
[Site "London ENG"]
[Date "2025.06.15"]
[Round "1.1"]
[White "Kollars, Dmitrij"]
[Black "Mendonca, Leon Luke"]
[Result "1/2-1/2"]
[WhiteTitle "GM"]
[BlackTitle "GM"]
[WhiteElo "2633"]
[BlackElo "2603"]
[WhiteTeam "C2 Germany and Friends"]
[BlackTeam "D1 Team MGD1"]
[WhiteFideId "12909572"]
[BlackFideId "35028561"]
[EventDate "2025.06.15"]
[EventType "team-k.o. (blitz)"]

1. e4 e6 2. d4 d5 3. exd5 exd5 4. Nf3 Nc6 5. Bb5 Bd6 6. c4 dxc4 7. d5 a6 8. Ba4
b5 9. dxc6 bxa4 10. O-O Ne7 11. Nbd2 Be6 12. Qxa4 c3 13. Ne4 Bd5 14. Nxc3 Bxc6
15. Qg4 O-O 16. Bg5 Qc8 17. Qxc8 Rfxc8 18. Nd4 Bd7 19. Ne4 Nf5 20. Nxd6 cxd6 21.
Rfd1 h6 22. Bf4 Nxd4 23. Rxd4 Rc2 24. Rxd6 Be6 25. Be5 a5 26. a4 Rc5 27. Bc3 Bb3
28. Rd4 Re8 29. Rg4 g5 30. h4 Kh7 31. Rd4 Kg6 32. f3 Re2 33. Rd6+ Re6 34. Rxe6+
Bxe6 35. hxg5 hxg5 36. Kf2 Bd7 37. g4 f5 38. Rd1 Bxa4 39. Rd6+ Kh7 40. gxf5 Rxf5
41. Kg3 Bc2 42. Kg4 Rb5 43. Kh5 g4+ 44. Kxg4 a4 45. Ra6 Bf5+ 46. Kg3 Bc2 47. f4
Kg8 48. Be5 Kf7 49. Kg4 Bd1+ 50. Kg5 Bc2 51. Rf6+ Ke7 52. Rc6 Bb1 53. Rh6 Bc2
54. Ra6 Kf7 55. Kg4 Ke7 56. Bc3 Bf5+ 57. Kg3 Bc2 58. Kf2 Kf7 59. Ke3 Ke7 60. Be5
Kf7 61. Kd4 Rxb2 62. Ra7+ Kg6 63. Rg7+ Kf5 64. Rf7+ Kg4 65. Rg7+ Kf5 66. Kc3 Ra2
67. Rg5+ Ke6 68. Bd4 Bf5 69. Rh5 Rg2 70. Kb4 Ra2 71. Be5 Be4 72. Rh6+ Kf5 73.
Rf6+ Kg4 74. Ra6 Bf5 75. Rxa4 Rxa4+ 76. Kxa4 1/2-1/2

[Event "FIDE World Bl Team 5-8th"]
[Site "London ENG"]
[Date "2025.06.15"]
[Round "1.1"]
[White "Tsolakidou, Stavroula"]
[Black "Wagner, Dinara"]
[Result "1/2-1/2"]
[WhiteTitle "IM"]
[BlackTitle "IM"]
[WhiteElo "2428"]
[BlackElo "2404"]
[WhiteTeam "D1 Team MGD1"]
[BlackTeam "C2 Germany and Friends"]
[WhiteFideId "4264312"]
[BlackFideId "24157570"]
[EventDate "2025.06.15"]
[EventType "team-k.o. (blitz)"]

1. e4 c5 2. Nf3 d6 3. Bb5+ Bd7 4. c4 Nc6 5. Nc3 e5 6. d3 Nge7 7. h4 Nd4 8. Bxd7+
Qxd7 9. Nxd4 cxd4 10. Ne2 h5 11. f4 g6 12. Ng1 Bh6 13. fxe5 Bxc1 14. Qxc1 dxe5
15. Nf3 Nc6 16. Qg5 Qe7 17. O-O Qxg5 18. Nxg5 O-O 19. Rf6 Rae8 20. Raf1 Re7 21.
a3 a5 22. g4 hxg4 23. Kg2 Kg7 24. Kg3 Nd8 25. Kxg4 Rh8 26. Rb6 Nc6 27. b4 axb4
28. axb4 f6 29. Nf3 Ra8 30. h5 gxh5+ 31. Kxh5 Ra3 32. Nh4 Kf7 33. b5 Nb4 34.
Rbxf6+ Ke8 35. Nf5 Rh7+ 36. Kg6 Rh2 37. Ng7+ Kd7 38. Rf7+ Kc8 39. Re7 Kb8 40. b6
Rh8 41. Rff7 Nxd3 42. Rxb7+ Ka8 43. Ra7+ Rxa7 44. Rxa7+ Kb8 45. Ne6 Rc8 46. Nc7
Nc5 47. Kf5 d3 48. Kxe5 d2 49. Ra1 Rd8 50. Nd5 Nd3+ 51. Kd4 Nf2 52. c5 d1=Q+ 53.
Rxd1 Nxd1 54. c6 Re8 1/2-1/2

[Event "FIDE World Bl Team 5-8th"]
[Site "London ENG"]
[Date "2025.06.15"]
[Round "1.1"]
[White "Lobkin, Bohdan"]
[Black "Atharvaa P Tayade"]
[Result "0-1"]
[WhiteElo "1900"]
[BlackElo "1956"]
[WhiteTeam "C2 Germany and Friends"]
[BlackTeam "D1 Team MGD1"]
[WhiteFideId "34115552"]
[BlackFideId "25042955"]
[EventDate "2025.06.15"]
[EventType "team-k.o. (blitz)"]

1. e4 c5 2. d4 cxd4 3. Qxd4 Nc6 4. Qd3 Nf6 5. Nc3 g6 6. Be2 Bg7 7. h4 h5 8. Bg5
d6 9. Qd2 Be6 10. f3 Rc8 11. Nh3 Qb6 12. Na4 Qd4 13. Bb5 Qxd2+ 14. Kxd2 O-O 15.
Nf4 Bd7 16. Nc3 a6 17. Ba4 b5 18. Bb3 e6 19. Nd3 Nd4 20. Ne2 Nc6 21. Rhg1 Nh7
22. Bf4 e5 23. Be3 Kh8 24. g4 hxg4 25. fxg4 Nf6 26. Nf2 Na5 27. h5 gxh5 28. gxh5
Kh7 29. h6 Bh8 30. Rg2 Bc6 31. Nc3 b4 32. Nd5 Nxb3+ 33. axb3 Nxd5 34. exd5 Bxd5
35. Rg4 f5 36. Rxb4 f4 37. Bb6 Rfe8 38. Nd3 Kxh6 39. Rxa6 Kg5 40. Ra1 Kf5 41.
Rf1 Rg8 42. c4 Be4 43. Nc1 Bg2 44. Re1 e4 45. Rb5+ Kg4 46. Ne2 e3+ 47. Bxe3
fxe3+ 48. Kxe3 Rce8+ 49. Kd2 Be5 50. Rd5 Bxd5 51. cxd5 Kf5 52. Rf1+ Ke4 53. Rd1
Rg2 54. Ke1 Kf3 55. Nc1 Bd4+ 0-1

[Event "FIDE World Bl Team 5-8th"]
[Site "London ENG"]
[Date "2025.06.15"]
[Round "1.2"]
[White "Sevian, Samuel"]
[Black "Nihal, Sarin"]
[Result "1-0"]
[WhiteTitle "GM"]
[BlackTitle "GM"]
[WhiteElo "2687"]
[BlackElo "2696"]
[WhiteTeam "B1 Freedom"]
[BlackTeam "A2 Ashdod Elit Chess Club"]
[WhiteFideId "2040506"]
[BlackFideId "25092340"]
[EventDate "2025.06.15"]
[EventType "team-k.o. (blitz)"]

1. e4 g6 2. d4 Bg7 3. Nc3 d6 4. Be3 a6 5. Nf3 b5 6. Bd3 Bb7 7. a4 b4 8. Ne2 Nd7
9. Ng3 Ngf6 10. h3 O-O 11. O-O c5 12. c3 a5 13. Re1 Rc8 14. Bf4 cxd4 15. cxd4
Nb6 16. Qd2 Qd7 17. Bh6 Rfe8 18. Bxg7 Kxg7 19. Qg5 Nxa4 20. Bb5 Bc6 21. Bxc6
Qxc6 22. Nf5+ Kg8 23. e5 dxe5 24. dxe5 Nd5 25. N5d4 Qd7 26. Qh6 f6 27. e6 Qd6
28. Rxa4 Nf4 29. Rxa5 Ra8 30. Rxa8 Rxa8 31. Qh4 Nd3 32. Qe4 Nxe1 33. Qxa8+ Kg7
34. Qe4 Nxf3+ 35. Nxf3 Qd1+ 36. Qe1 Qb3 37. Qe2 Qd5 38. g3 b3 39. Nd2 h5 40. Qe3
Qf5 41. Nxb3 Qxh3 42. Nd4 h4 43. b4 Qg4 44. b5 hxg3 45. fxg3 Qd1+ 46. Kg2 Qb1
47. Qc3 Qe4+ 48. Kf2 Qb1 49. Ke3 Qg1+ 50. Kd2 Qf2+ 51. Kc1 Qf1+ 52. Kb2 Qg2+ 53.
Kb3 Qd5+ 54. Kb4 Qd6+ 55. Qc5 Qxg3 56. Qxe7+ Kh6 57. b6 Qe1+ 58. Kb5 Qb1+ 59.
Ka6 Qa1+ 60. Kb7 Qxd4 61. Qd7 Qe4+ 62. Ka7 Qe3 63. e7 Qa3+ 64. Kb7 Qf3+ 65. Qc6 1-0

[Event "FIDE World Bl Team 5-8th"]
[Site "London ENG"]
[Date "2025.06.15"]
[Round "1.2"]
[White "Moiseenko, Alexander"]
[Black "Le, Quang Liem"]
[Result "0-1"]
[WhiteTitle "GM"]
[BlackTitle "GM"]
[WhiteElo "2568"]
[BlackElo "2729"]
[WhiteTeam "A2 Ashdod Elit Chess Club"]
[BlackTeam "B1 Freedom"]
[WhiteFideId "14102560"]
[BlackFideId "12401137"]
[EventDate "2025.06.15"]
[EventType "team-k.o. (blitz)"]

1. d4 Nf6 2. c4 e6 3. Nc3 d5 4. cxd5 exd5 5. Bg5 c6 6. e3 h6 7. Bh4 Be7 8. Bd3
O-O 9. Nge2 Re8 10. O-O a5 11. Rc1 Nbd7 12. a4 Nb8 13. f3 Na6 14. Kh1 Nb4 15.
Bb1 Be6 16. Nf4 Bd7 17. Nd3 Nh7 18. Bxe7 Qxe7 19. e4 dxe4 20. fxe4 Rad8 21. Qd2
Be6 22. Qf2 Qf6 23. Qxf6 Nxf6 24. Nc5 Bc4 25. Nxb7 Bxf1 26. Nxd8 Rxd8 27. Rxf1
Rxd4 28. Kg1 Nd7 29. Rd1 Rxd1+ 30. Nxd1 Nc5 31. Nc3 Kf8 32. Kf1 Nbd3 33. Bxd3
Nxd3 34. Nd1 Ke7 35. Ke2 Nc5 36. Nc3 Kd6 37. Ke3 Ke5 38. g3 h5 39. h3 g5 40. h4
f6 41. Kf3 Kd4 42. g4 hxg4+ 43. Kxg4 gxh4 44. Kxh4 Nxe4 45. Na2 Kc4 46. Kg4 Kb3
47. Nc1+ Kxb2 48. Ne2 c5 49. Kf5 Nc3 50. Nf4 c4 0-1

[Event "FIDE World Bl Team 5-8th"]
[Site "London ENG"]
[Date "2025.06.15"]
[Round "1.2"]
[White "Sarana, Alexey"]
[Black "Gledura, Benjamin"]
[Result "1-0"]
[WhiteTitle "GM"]
[BlackTitle "GM"]
[WhiteElo "2686"]
[BlackElo "2668"]
[WhiteTeam "B1 Freedom"]
[BlackTeam "A2 Ashdod Elit Chess Club"]
[WhiteFideId "24133795"]
[BlackFideId "712779"]
[EventDate "2025.06.15"]
[EventType "team-k.o. (blitz)"]

1. e4 e5 2. Nf3 Nf6 3. d4 Nxe4 4. Bd3 d5 5. Nxe5 Nd7 6. Nxd7 Bxd7 7. O-O Bd6 8.
c4 c6 9. Qb3 O-O 10. cxd5 cxd5 11. Qxd5 Bc6 12. Qh5 g6 13. Qh6 Re8 14. Be3 Bf8
15. Qh3 Ng5 16. Qg4 Ne6 17. Bc4 h5 18. Qd1 Qh4 19. Nd2 Rad8 20. Nf3 Qg4 21. h3
Bxf3 22. hxg4 Bxd1 23. Rfxd1 hxg4 24. Bb5 Re7 25. d5 Nc7 26. d6 Rxd6 27. Rxd6
Nxb5 28. Rd5 Nc7 29. Rd8 Ne6 30. Rb8 a6 31. Rc1 Kh7 32. g3 Bg7 33. b3 Rd7 34.
Kg2 g5 35. Re8 Kg6 36. Rc4 Kf5 37. a4 Bf6 38. a5 Rd3 39. b4 Rd5 40. Rg8 Rb5 41.
Kf1 Be7 42. Bd2 Bd6 43. Rgc8 Be7 44. Bc3 Bd6 45. Re8 Rd5 46. Ke2 Rb5 47. Rg8 Be7
48. Rh8 Bd6 49. Rh1 Be5 50. Rc1 Bd6 51. Rd1 Be7 52. Rd7 Bf8 1-0

[Event "FIDE World Bl Team 5-8th"]
[Site "London ENG"]
[Date "2025.06.15"]
[Round "1.2"]
[White "Injac, Teodora"]
[Black "Osmak, Yuliia"]
[Result "1-0"]
[WhiteTitle "IM"]
[BlackTitle "IM"]
[WhiteElo "2457"]
[BlackElo "2468"]
[WhiteTeam "B1 Freedom"]
[BlackTeam "A2 Ashdod Elit Chess Club"]
[WhiteFideId "932400"]
[BlackFideId "14101602"]
[EventDate "2025.06.15"]
[EventType "team-k.o. (blitz)"]

1. Nf3 d5 2. g3 Nd7 3. d4 Nb6 4. Nc3 c6 5. a4 a5 6. Bg2 Bf5 7. Nh4 Bg4 8. h3 Bh5
9. g4 e6 10. Nf3 Bg6 11. Ne5 Bd6 12. Nxg6 hxg6 13. e4 Bb4 14. Qd3 Nf6 15. e5
Nfd7 16. O-O g5 17. f4 gxf4 18. Bxf4 Nf8 19. Bg3 Qe7 20. Ne2 Qc7 21. Nf4 Be7 22.
Nh5 Rg8 23. Rf2 c5 24. Raf1 g6 25. Nf6+ Bxf6 26. Rxf6 Rg7 27. c3 O-O-O 28. Qb5
Nh7 29. Qxa5 Nxf6 30. exf6 Qxg3 31. fxg7 Qe3+ 32. Kh1 Nd7 33. Qxd8+ Kxd8 34.
g8=Q+ Kc7 35. Qxf7 cxd4 36. cxd4 Qd2 37. Qf4+ Qxf4 38. Rxf4 1-0

[Event "FIDE World Bl Team 5-8th"]
[Site "London ENG"]
[Date "2025.06.15"]
[Round "1.2"]
[White "Sailaubay, Aldiyar"]
[Black "Mani, Sarbartho"]
[Result "1-0"]
[WhiteElo "1910"]
[BlackElo "1847"]
[WhiteTeam "A2 Ashdod Elit Chess Club"]
[BlackTeam "B1 Freedom"]
[WhiteFideId "13729357"]
[BlackFideId "366112022"]
[EventDate "2025.06.15"]
[EventType "team-k.o. (blitz)"]

1. e4 e6 2. d4 d5 3. Nc3 Bb4 4. e5 b6 5. a3 Bf8 6. Nf3 c6 7. Bd3 Ba6 8. Ne2 Bxd3
9. Qxd3 Nd7 10. c3 Ne7 11. O-O Nc8 12. h3 Be7 13. Be3 Qc7 14. Nf4 O-O 15. Rae1
c5 16. h4 h6 17. Rc1 c4 18. Qc2 b5 19. g3 a5 20. Kg2 b4 21. axb4 axb4 22. g4 Qd8
23. Rh1 Kh8 24. Qd2 bxc3 25. bxc3 Na7 26. Nh5 Kh7 27. g5 g6 28. Nf6+ Bxf6 29.
gxf6 h5 30. Bh6 Rh8 31. Bg7 1-0

[Event "FIDE World Bl Team 5-8th"]
[Site "London ENG"]
[Date "2025.06.15"]
[Round "1.2"]
[White "Keymer, Vincent"]
[Black "Erigaisi, Arjun"]
[Result "1/2-1/2"]
[WhiteTitle "GM"]
[BlackTitle "GM"]
[WhiteElo "2730"]
[BlackElo "2782"]
[WhiteTeam "C2 Germany and Friends"]
[BlackTeam "D1 Team MGD1"]
[WhiteFideId "12940690"]
[BlackFideId "35009192"]
[EventDate "2025.06.15"]
[EventType "team-k.o. (blitz)"]

1. Nf3 Nf6 2. b3 b6 3. g3 Bb7 4. Bg2 g6 5. Bb2 Bg7 6. O-O O-O 7. d4 c5 8. e3 d5
9. Nbd2 Nc6 10. dxc5 bxc5 11. c4 e6 12. Ne5 Nxe5 13. Bxe5 Qe7 14. Rc1 Rfd8 15.
Qe2 d4 16. exd4 cxd4 17. Bxb7 Qxb7 18. Qf3 Qxf3 19. Nxf3 Ne4 20. Bxg7 Kxg7 21.
c5 d3 22. Rc4 f5 23. Rd1 Rd5 24. b4 e5 25. Ne1 d2 26. Nf3 Kf6 27. Kf1 Rd3 28.
Rxe4 fxe4 29. Nxd2 Ke6 30. Ke2 Rad8 31. c6 R8d4 32. b5 Ke7 33. a4 Kd8 34. a5 Kc7
35. Ke1 e3 36. fxe3 Rxe3+ 37. Kf2 Red3 38. Ke1 e4 39. Ke2 e3 40. b6+ axb6 41.
axb6+ Kxc6 42. Rc1+ Kxb6 43. Nc4+ Kb7 44. h3 g5 45. Nxe3 Rd2+ 46. Kf3 Rd7 47.
Rc5 h6 48. Nf5 Kb6 49. Re5 Rf7 50. Kg4 Rf6 51. Kh5 Rh2 52. Kg4 Kc7 53. Ra5 Kd7
54. Ra7+ Ke8 55. Ra8+ Kd7 56. Ra7+ Kd8 57. Rh7 Rxf5 58. Kxf5 Rxh3 59. g4 1/2-1/2

[Event "FIDE World Bl Team 5-8th"]
[Site "London ENG"]
[Date "2025.06.15"]
[Round "1.2"]
[White "Harikrishna, Pentala"]
[Black "Svane, Rasmus"]
[Result "1/2-1/2"]
[WhiteTitle "GM"]
[BlackTitle "GM"]
[WhiteElo "2707"]
[BlackElo "2626"]
[WhiteTeam "D1 Team MGD1"]
[BlackTeam "C2 Germany and Friends"]
[WhiteFideId "5007003"]
[BlackFideId "4657101"]
[EventDate "2025.06.15"]
[EventType "team-k.o. (blitz)"]

1. c4 Nf6 2. Nf3 e6 3. g3 d5 4. Bg2 Be7 5. O-O O-O 6. b3 c5 7. cxd5 Nxd5 8. Bb2
Nc6 9. d4 cxd4 10. Nxd4 Bd7 11. Nc3 Nxc3 12. Bxc3 Rc8 13. Rc1 Nxd4 14. Qxd4 Bf6
15. Qe3 Bxc3 16. Rxc3 Rxc3 17. Qxc3 Qb6 18. Rc1 Bc6 19. Bxc6 Rc8 20. Qe5 g6 21.
Qd6 Rxc6 22. Rxc6 bxc6 23. e3 h5 24. h4 a5 1/2-1/2